[Event "European Chess Club Cup 2023"]
[Site "Durres, Albania"]
[Date "2023.10.05"]
[Round "5.70"]
[White "Pezelj, Novak"]
[Black "Harff, Marcel"]
[Result "1-0"]
[TimeControl "90' + 30' & 30\""]
[WhiteElo "2476"]
[BlackElo "2295"]

1. d4 {[%clk 01:30:52]} {[%emt 00:00:07]} Nf6 {[%clk 01:30:44]} {[%emt
00:00:15]} 2. c4 {[%clk 01:30:48]} {[%emt 00:00:35]} e6 {[%clk 01:31:02]}
{[%emt 00:00:11]} 3. Nf3 {[%clk 01:30:26]} {[%emt 00:00:53]} b6 {[%clk
01:30:59]} {[%emt 00:00:32]} 4. g3 {[%clk 01:28:46]} {[%emt 00:02:11]} Bb7
{[%clk 01:29:27]} {[%emt 00:02:01]} 5. Bg2 {[%clk 01:28:50]} {[%emt 00:00:27]}
Be7 {[%clk 01:28:49]} {[%emt 00:01:08]} 6. O-O {[%clk 01:27:07]} {[%emt
00:02:14]} O-O {[%clk 01:29:11]} {[%emt 00:00:07]} 7. Nc3 {[%clk 01:24:17]}
{[%emt 00:03:20]} Ne4 {[%clk 01:29:07]} {[%emt 00:00:34]} 8. Qc2 {[%clk
01:23:12]} {[%emt 00:01:36]} Nxc3 {[%clk 01:27:47]} {[%emt 00:01:48]} 9. Qxc3
{[%clk 01:21:17]} {[%emt 00:02:26]} Be4 {[%clk 01:22:58]} {[%emt 00:05:19]} 10.
Rd1 {[%clk 01:17:54]} {[%emt 00:03:53]} c6 {[%clk 01:16:00]} {[%emt 00:07:28]}
11. Bf1 {[%clk 01:13:25]} {[%emt 00:04:59]} d5 {[%clk 01:07:55]} {[%emt
00:08:34]} 12. Bf4 {[%clk 01:05:35]} {[%emt 00:08:20]} Nd7 {[%clk 01:04:14]}
{[%emt 00:04:11]} 13. cxd5 {[%clk 01:02:10]} {[%emt 00:03:56]} cxd5 {[%clk
01:04:11]} {[%emt 00:00:32]} 14. Rac1 {[%clk 01:01:41]} {[%emt 00:00:59]} Bxf3
{[%clk 00:45:04]} {[%emt 00:19:38]} 15. exf3 {[%clk 01:00:42]} {[%emt
00:01:29]} a6 {[%clk 00:45:17]} {[%emt 00:00:17]} 16. Qc6 {[%clk 00:50:23]}
{[%emt 00:10:48]} Ra7 {[%clk 00:43:22]} {[%emt 00:02:25]} 17. Bc7 {[%clk
00:44:20]} {[%emt 00:06:34]} Qc8 {[%clk 00:37:43]} {[%emt 00:06:09]} 18. Bf4
{[%clk 00:40:10]} {[%emt 00:04:40]} Qxc6 {[%clk 00:31:48]} {[%emt 00:06:26]} 19.
Rxc6 {[%clk 00:40:34]} {[%emt 00:00:05]} g5 {[%clk 00:32:08]} {[%emt 00:00:09]}
20. Be3 {[%clk 00:40:03]} {[%emt 00:01:02]} Rb8 {[%clk 00:26:17]} {[%emt
00:06:21]} 21. f4 {[%clk 00:39:03]} {[%emt 00:01:29]} h6 {[%clk 00:25:26]}
{[%emt 00:01:22]} 22. f5 {[%clk 00:35:47]} {[%emt 00:03:47]} Nf8 {[%clk
00:21:44]} {[%emt 00:04:11]} 23. fxe6 {[%clk 00:33:55]} {[%emt 00:02:22]} fxe6
{[%clk 00:21:21]} {[%emt 00:00:52]} 24. Bh3 {[%clk 00:33:54]} {[%emt 00:00:31]}
Kf7 {[%clk 00:19:53]} {[%emt 00:01:59]} 25. f4 {[%clk 00:34:07]} {[%emt
00:00:18]} Bf6 {[%clk 00:20:12]} {[%emt 00:00:10]} 26. Rf1 {[%clk 00:31:00]}
{[%emt 00:03:37]} Kg7 {[%clk 00:13:27]} {[%emt 00:07:14]} 27. fxg5 {[%clk
00:28:17]} {[%emt 00:03:14]} hxg5 {[%clk 00:10:18]} {[%emt 00:03:40]} 28. Bxe6
{[%clk 00:27:50]} {[%emt 00:00:56]} Re7 {[%clk 00:10:37]} {[%emt 00:00:11]} 29.
Bxd5 {[%clk 00:27:58]} {[%emt 00:00:22]} Nh7 {[%clk 00:10:15]} {[%emt
00:00:52]} 30. Be6 {[%clk 00:27:01]} {[%emt 00:01:27]} Rbe8 {[%clk 00:06:00]}
{[%emt 00:04:45]} 31. d5 {[%clk 00:26:29]} {[%emt 00:01:02]} Nf8 {[%clk
00:06:05]} {[%emt 00:00:26]} 32. Rxf6 {[%clk 00:26:07]} {[%emt 00:00:51]} Kxf6
{[%clk 00:06:22]} {[%emt 00:00:12]} 33. Bd4+ {[%clk 00:26:31]} {[%emt
00:00:06]} 1-0

[Event "European Chess Club Cup 2023"]
[Site "Durres, Albania"]
[Date "2023.10.05"]
[Round "5.72"]
[White "Sukovic, Andrej"]
[Black "Meessen, Rudolf"]
[Result "1/2-1/2"]
[TimeControl "90' + 30' & 30\""]
[WhiteElo "2380"]
[BlackElo "2170"]

1. e4 {[%clk 01:30:48]} {[%emt 00:00:11]} d6 {[%clk 01:30:50]} {[%emt
00:00:11]} 2. d4 {[%clk 01:30:49]} {[%emt 00:00:28]} Nf6 {[%clk 01:31:13]}
{[%emt 00:00:07]} 3. Nc3 {[%clk 01:30:57]} {[%emt 00:00:21]} e5 {[%clk
01:31:39]} {[%emt 00:00:06]} 4. dxe5 {[%clk 01:27:08]} {[%emt 00:04:19]} dxe5
{[%clk 01:30:14]} {[%emt 00:01:55]} 5. Qxd8+ {[%clk 01:27:29]} {[%emt
00:00:08]} Kxd8 {[%clk 01:30:42]} {[%emt 00:00:02]} 6. Bc4 {[%clk 01:27:46]}
{[%emt 00:00:14]} Bb4 {[%clk 01:30:52]} {[%emt 00:00:20]} 7. Nge2 {[%clk
01:27:41]} {[%emt 00:00:35]} Nxe4 {[%clk 01:27:32]} {[%emt 00:03:50]} 8. Bxf7
{[%clk 01:27:07]} {[%emt 00:01:03]} Rf8 {[%clk 01:27:48]} {[%emt 00:00:14]} 9.
Bh5 {[%clk 01:23:29]} {[%emt 00:04:09]} Bf5 {[%clk 01:14:53]} {[%emt 00:13:25]}
10. O-O {[%clk 01:08:49]} {[%emt 00:15:10]} Nf6 {[%clk 00:59:36]} {[%emt
00:15:46]} 11. Bg5 {[%clk 01:07:05]} {[%emt 00:02:15]} Nbd7 {[%clk 00:58:22]}
{[%emt 00:01:44]} 12. Nd5 {[%clk 00:51:58]} {[%emt 00:15:37]} Bd6 {[%clk
00:58:07]} {[%emt 00:00:45]} 13. Ne3 {[%clk 00:49:43]} {[%emt 00:02:44]} g6
{[%clk 00:52:52]} {[%emt 00:05:46]} 14. Bg4 {[%clk 00:45:11]} {[%emt 00:05:02]}
Bxg4 {[%clk 00:44:35]} {[%emt 00:08:47]} 15. Nxg4 {[%clk 00:45:33]} {[%emt
00:00:07]} c6 {[%clk 00:44:00]} {[%emt 00:01:05]} 16. f4 {[%clk 00:33:35]}
{[%emt 00:12:29]} Kc7 {[%clk 00:38:52]} {[%emt 00:05:38]} 17. Bxf6 {[%clk
00:32:54]} {[%emt 00:01:09]} Nxf6 {[%clk 00:38:54]} {[%emt 00:00:30]} 18. Nxe5
{[%clk 00:32:59]} {[%emt 00:00:25]} Rae8 {[%clk 00:39:06]} {[%emt 00:00:17]} 19.
Nd4 {[%clk 00:29:23]} {[%emt 00:04:07]} Bxe5 {[%clk 00:21:04]} {[%emt
00:18:32]} 20. fxe5 {[%clk 00:29:44]} {[%emt 00:00:09]} Rxe5 {[%clk 00:21:31]}
{[%emt 00:00:03]} 21. Rf2 {[%clk 00:25:02]} {[%emt 00:05:12]} Rd8 {[%clk
00:20:16]} {[%emt 00:01:45]} 22. c3 {[%clk 00:24:42]} {[%emt 00:00:50]} Nd5
{[%clk 00:19:47]} {[%emt 00:00:59]} 23. h3 {[%clk 00:22:51]} {[%emt 00:02:22]}
Rde8 {[%clk 00:18:45]} {[%emt 00:01:31]} 24. Kh2 {[%clk 00:22:59]} {[%emt
00:00:22]} c5 {[%clk 00:17:25]} {[%emt 00:01:50]} 25. Nb5+ {[%clk 00:22:55]}
{[%emt 00:00:34]} Kc6 {[%clk 00:16:31]} {[%emt 00:01:23]} 26. c4 {[%clk
00:20:34]} {[%emt 00:02:52]} a6 {[%emt 00:08:54]} 27. Rd1 {[%clk 00:13:18]}
axb5 {[%clk 00:13:57]} {[%emt 00:02:26]} 28. cxd5+ {[%clk 00:13:43]} {[%emt
00:00:06]} Kd7 {[%clk 00:10:54]} {[%emt 00:03:32]} 29. Rf6 {[%clk 00:14:08]}
{[%emt 00:00:05]} Rd8 {[%clk 00:06:36]} {[%emt 00:04:48]} 30. Kg3 {[%clk
00:05:28]} {[%emt 00:09:11]} Kc7 {[%clk 00:06:07]} {[%emt 00:00:58]} 31. d6+
{[%clk 00:05:43]} {[%emt 00:00:15]} Kc6 {[%clk 00:06:33]} {[%emt 00:00:04]} 32.
d7+ {[%clk 00:04:51]} {[%emt 00:01:22]} Kc7 {[%clk 00:06:54]} {[%emt 00:00:09]}
33. Rf7 {[%clk 00:05:17]} {[%emt 00:00:04]} h5 {[%clk 00:05:09]} {[%emt
00:02:15]} 34. Rd2 {[%clk 00:05:11]} {[%emt 00:00:36]} b4 {[%clk 00:03:31]}
{[%emt 00:02:07]} 35. Kf4 {[%clk 00:05:02]} {[%emt 00:00:40]} Re6 {[%clk
00:03:34]} {[%emt 00:00:27]} 36. Kg5 {[%clk 00:05:07]} {[%emt 00:00:25]} c4
{[%clk 00:03:19]} {[%emt 00:00:45]} 37. Rf4 {[%clk 00:02:26]} {[%emt 00:03:11]}
Rc6 {[%clk 00:02:38]} {[%emt 00:01:10]} 38. Rc2 {[%clk 00:01:45]} {[%emt
00:01:12]} b5 {[%clk 00:02:48]} {[%emt 00:00:20]} 39. b3 {[%clk 00:02:07]}
{[%emt 00:00:08]} Rxd7 {[%clk 00:01:12]} {[%emt 00:02:06]} 40. bxc4 {[%clk
00:02:32]} {[%emt 00:00:05]} Rdd6 {[%clk 00:01:26]} {[%emt 00:00:16]} 41. Re4
{[%clk 00:26:32]} {[%emt 00:06:30]} Rc5+ {[%emt 00:01:03]} 42. Kh6 {[%clk
00:25:57]} {[%emt 00:01:05]} 1/2-1/2

[Event "European Chess Club Cup 2023"]
[Site "Durres, Albania"]
[Date "2023.10.05"]
[Round "5.73"]
[White "Kadric, Denis"]
[Black "Aditya, Mittal"]
[Result "1/2-1/2"]
[TimeControl "90' + 30' & 30\""]
[WhiteElo "2579"]
[BlackElo "2572"]

1. e4 {[%clk 01:30:48]} {[%emt 00:00:03]} e5 {[%clk 01:30:58]} {[%emt
00:00:10]} 2. Nf3 {[%clk 01:31:11]} {[%emt 00:00:07]} Nc6 {[%clk 01:31:27]}
{[%emt 00:00:01]} 3. Bc4 {[%clk 01:31:31]} {[%emt 00:00:10]} Nf6 {[%clk
01:31:55]} {[%emt 00:00:02]} 4. d3 {[%clk 01:31:57]} {[%emt 00:00:04]} d5
{[%clk 01:32:24]} {[%emt 00:00:02]} 5. exd5 {[%clk 01:32:20]} {[%emt 00:00:07]}
Nxd5 {[%clk 01:32:52]} {[%emt 00:00:02]} 6. O-O {[%clk 01:32:37]} {[%emt
00:00:12]} Nb6 {[%clk 01:33:21]} {[%emt 00:00:01]} 7. Bb3 {[%clk 01:30:57]}
{[%emt 00:02:10]} Bg4 {[%clk 01:33:49]} {[%emt 00:00:02]} 8. Re1 {[%clk
01:29:45]} {[%emt 00:01:42]} Qe7 {[%clk 01:33:35]} {[%emt 00:00:44]} 9. c3
{[%clk 01:18:20]} {[%emt 00:11:55]} O-O-O {[%clk 01:32:11]} {[%emt 00:01:54]}
10. a4 {[%clk 01:18:35]} {[%emt 00:00:15]} a5 {[%clk 01:26:11]} {[%emt
00:06:31]} 11. h3 {[%clk 01:15:21]} {[%emt 00:03:44]} Bh5 {[%clk 01:24:55]}
{[%emt 00:01:46]} 12. d4 {[%clk 01:12:50]} {[%emt 00:03:01]} f6 {[%clk
01:19:23]} {[%emt 00:06:01]} 13. Nbd2 {[%clk 01:11:58]} {[%emt 00:01:22]} Kb8
{[%clk 01:09:26]} {[%emt 00:10:28]} 14. Nf1 {[%clk 01:01:57]} {[%emt 00:10:31]}
g5 {[%clk 01:08:06]} {[%emt 00:01:50]} 15. Ng3 {[%clk 00:59:29]} {[%emt
00:02:57]} Bg6 {[%clk 01:06:38]} {[%emt 00:01:58]} 16. Bd2 {[%clk 00:59:53]}
{[%emt 00:00:06]} h6 {[%clk 00:55:28]} {[%emt 00:11:40]} 17. Bc2 {[%clk
00:54:32]} {[%emt 00:05:51]} Qh7 {[%clk 00:55:44]} {[%emt 00:00:14]} 18. Bxg6
{[%clk 00:54:29]} {[%emt 00:00:34]} Qxg6 {[%clk 00:56:12]} {[%emt 00:00:02]} 19.
dxe5 {[%clk 00:54:50]} {[%emt 00:00:09]} Nxe5 {[%clk 00:49:06]} {[%emt
00:07:35]} 20. Nxe5 {[%clk 00:54:20]} {[%emt 00:01:00]} fxe5 {[%clk 00:49:35]}
{[%emt 00:00:01]} 21. Qe2 {[%clk 00:54:36]} {[%emt 00:00:14]} Qc6 {[%clk
00:45:40]} {[%emt 00:04:26]} 22. b3 {[%clk 00:52:10]} {[%emt 00:02:56]} Nd5
{[%clk 00:40:10]} {[%emt 00:05:59]} 23. Qe4 {[%clk 00:51:31]} {[%emt 00:01:09]}
Bc5 {[%clk 00:38:23]} {[%emt 00:02:18]} 24. c4 {[%clk 00:47:58]} {[%emt
00:04:02]} Nb4 {[%clk 00:32:10]} {[%emt 00:06:43]} 25. Bxb4 {[%clk 00:46:33]}
{[%emt 00:01:55]} Qxe4 {[%clk 00:28:20]} {[%emt 00:04:20]} 26. Nxe4 {[%clk
00:46:59]} {[%emt 00:00:05]} Bxb4 {[%clk 00:28:47]} {[%emt 00:00:02]} 27. Re3
{[%clk 00:47:26]} {[%emt 00:00:03]} Rd4 {[%clk 00:26:24]} {[%emt 00:02:53]} 28.
g3 {[%clk 00:46:25]} {[%emt 00:01:31]} Rf8 {[%clk 00:25:10]} {[%emt 00:01:44]}
29. Ra2 {[%clk 00:46:28]} {[%emt 00:00:28]} c6 {[%clk 00:22:53]} {[%emt
00:02:46]} 30. Kg2 {[%clk 00:46:53]} {[%emt 00:00:04]} Kc7 {[%clk 00:21:06]}
{[%emt 00:02:18]} 31. Rae2 {[%clk 00:46:53]} {[%emt 00:00:30]} Rd1 {[%clk
00:15:56]} {[%emt 00:05:39]} 32. Rf3 {[%clk 00:30:44]} {[%emt 00:16:40]} Rg1+
{[%clk 00:15:09]} {[%emt 00:01:17]} 33. Kxg1 {[%clk 00:31:11]} {[%emt
00:00:03]} Rxf3 {[%clk 00:15:37]} {[%emt 00:00:02]} 34. Re3 {[%clk 00:25:31]}
{[%emt 00:06:10]} Rxe3 {[%clk 00:13:54]} {[%emt 00:02:14]} 35. fxe3 {[%clk
00:25:59]} {[%emt 00:00:01]} Kd7 {[%clk 00:14:14]} {[%emt 00:00:10]} 36. Kf2
{[%clk 00:25:36]} {[%emt 00:00:53]} Ke6 {[%clk 00:14:35]} {[%emt 00:00:09]} 37.
Kf3 {[%clk 00:24:16]} {[%emt 00:01:50]} Kf5 {[%clk 00:14:46]} {[%emt 00:00:18]}
38. g4+ {[%clk 00:19:36]} {[%emt 00:05:10]} Ke6 {[%clk 00:14:45]} {[%emt
00:00:31]} 39. Nf2 {[%clk 00:19:54]} {[%emt 00:00:12]} Be7 {[%clk 00:13:52]}
{[%emt 00:01:24]} 40. Ke4 {[%clk 00:20:21]} {[%emt 00:00:03]} c5 {[%clk
00:11:56]} {[%emt 00:02:26]} 41. Nh1 {[%clk 00:18:12]} {[%emt 00:02:39]} Bd6
{[%clk 00:10:00]} {[%emt 00:02:26]} 42. Ng3 {[%clk 00:18:38]} {[%emt 00:00:04]}
Be7 {[%clk 00:10:23]} {[%emt 00:00:07]} 43. Nf5 {[%clk 00:13:35]} {[%emt
00:05:34]} Bf8 {[%clk 00:10:47]} {[%emt 00:00:05]} 44. h4 {[%clk 00:12:42]}
{[%emt 00:01:23]} Kf6 {[%clk 00:03:27]} {[%emt 00:07:49]} 45. h5 {[%clk
00:20:35]} {[%emt 00:22:37]} Ke6 {[%clk 00:33:56]} {[%emt 00:00:02]} 46. Kd3
{[%clk 00:18:08]} {[%emt 00:02:58]} Kd7 {[%clk 00:33:43]} {[%emt 00:00:43]} 47.
e4 {[%clk 00:17:05]} {[%emt 00:01:32]} Kc6 {[%clk 00:33:31]} {[%emt 00:00:42]}
48. Nd6 {[%clk 00:17:28]} {[%emt 00:00:07]} Kxd6 {[%clk 00:33:50]} {[%emt
00:00:11]} 1/2-1/2

[Event "European Chess Club Cup 2023"]
[Site "Durres, Albania"]
[Date "2023.10.05"]
[Round "5.74"]
[White "Arnaudov, G. Petar"]
[Black "Petrov, Nikita"]
[Result "1/2-1/2"]
[TimeControl "90' + 30' & 30\""]
[WhiteElo "2428"]
[BlackElo "2551"]

1. Nf3 {[%clk 01:30:57]} {[%emt 00:00:03]} d5 {[%clk 01:30:47]} {[%emt
00:00:13]} 2. g3 {[%clk 01:30:50]} {[%emt 00:00:37]} Bg4 {[%clk 01:30:26]}
{[%emt 00:00:51]} 3. Bg2 {[%clk 01:30:59]} {[%emt 00:00:21]} c6 {[%clk
01:30:38]} {[%emt 00:00:18]} 4. c4 {[%clk 01:30:19]} {[%emt 00:01:10]} e6
{[%clk 01:30:32]} {[%emt 00:00:36]} 5. O-O {[%clk 01:30:07]} {[%emt 00:00:41]}
Nf6 {[%clk 01:29:18]} {[%emt 00:01:44]} 6. d3 {[%clk 01:27:58]} {[%emt
00:02:40]} dxc4 {[%clk 01:25:20]} {[%emt 00:04:28]} 7. d4 {[%clk 01:26:21]}
{[%emt 00:02:06]} Bxf3 {[%clk 01:12:48]} {[%emt 00:13:03]} 8. Bxf3 {[%clk
01:24:54]} {[%emt 00:01:57]} Nbd7 {[%clk 01:13:00]} {[%emt 00:00:18]} 9. Qc2
{[%clk 01:24:30]} {[%emt 00:00:53]} e5 {[%clk 01:10:40]} {[%emt 00:02:50]} 10.
dxe5 {[%clk 01:21:13]} {[%emt 00:03:47]} Nxe5 {[%clk 01:11:01]} {[%emt
00:00:10]} 11. Bg2 {[%clk 01:21:36]} {[%emt 00:00:07]} Bc5 {[%clk 01:06:30]}
{[%emt 00:05:00]} 12. Nd2 {[%clk 01:15:18]} {[%emt 00:06:48]} Qd4 {[%clk
00:59:11]} {[%emt 00:07:49]} 13. Ne4 {[%clk 01:08:29]} {[%emt 00:07:20]} Nxe4
{[%clk 00:58:20]} {[%emt 00:01:21]} 14. Bxe4 {[%clk 01:08:54]} {[%emt
00:00:05]} Qd7 {[%clk 00:42:39]} {[%emt 00:16:11]} 15. Bf4 {[%clk 01:01:11]}
{[%emt 00:08:13]} Ng6 {[%clk 00:36:37]} {[%emt 00:06:31]} 16. Bg5 {[%clk
00:53:57]} {[%emt 00:07:45]} O-O {[%clk 00:33:20]} {[%emt 00:03:47]} 17. Qxc4
{[%clk 00:53:12]} {[%emt 00:01:13]} Qg4 {[%clk 00:32:14]} {[%emt 00:01:37]} 18.
Qxc5 {[%clk 00:42:39]} {[%emt 00:11:03]} Qxe4 {[%clk 00:32:39]} {[%emt
00:00:05]} 19. Be3 {[%clk 00:42:22]} {[%emt 00:00:47]} Ne7 {[%clk 00:28:57]}
{[%emt 00:04:12]} 20. f3 {[%clk 00:37:55]} {[%emt 00:04:57]} Qe6 {[%clk
00:29:17]} {[%emt 00:00:10]} 21. Bd4 {[%clk 00:37:49]} {[%emt 00:00:36]} Nf5
{[%clk 00:27:30]} {[%emt 00:02:17]} 22. Bf2 {[%clk 00:34:52]} {[%emt 00:03:27]}
b6 {[%clk 00:26:26]} {[%emt 00:01:34]} 23. Qc3 {[%clk 00:35:12]} {[%emt
00:00:11]} c5 {[%clk 00:25:10]} {[%emt 00:01:46]} 24. e4 {[%clk 00:34:43]}
{[%emt 00:00:58]} Ne7 {[%clk 00:25:18]} {[%emt 00:00:22]} 25. b4 {[%clk
00:31:24]} {[%emt 00:03:50]} cxb4 {[%clk 00:20:32]} {[%emt 00:05:16]} 26. Qxb4
{[%clk 00:29:28]} {[%emt 00:02:25]} Rac8 {[%clk 00:19:59]} {[%emt 00:01:03]} 27.
Qb3 {[%clk 00:29:07]} {[%emt 00:00:52]} Nc6 {[%clk 00:18:43]} {[%emt 00:01:45]}
28. Rac1 {[%clk 00:23:37]} {[%emt 00:06:01]} Ne5 {[%clk 00:16:40]} {[%emt
00:02:32]} 29. Kg2 {[%clk 00:18:14]} {[%emt 00:05:54]} Qxb3 {[%clk 00:12:13]}
{[%emt 00:04:56]} 30. axb3 {[%clk 00:17:21]} {[%emt 00:01:23]} Nd3 {[%clk
00:12:38]} {[%emt 00:00:06]} 31. Ra1 {[%clk 00:16:39]} {[%emt 00:01:12]}
1/2-1/2

[Event "European Chess Club Cup 2023"]
[Site "Durres, Albania"]
[Date "2023.10.05"]
[Round "5.76"]
[White "Veljanoski, Andrej"]
[Black "Tomic, Aleksandar"]
[Result "0-1"]
[TimeControl "90' + 30' & 30\""]
[WhiteElo "2261"]
[BlackElo "2405"]

1. e4 {[%clk 01:30:43]} {[%emt 00:00:16]} c5 {[%clk 01:30:35]} {[%emt
00:00:25]} 2. Nf3 {[%clk 01:30:53]} {[%emt 00:00:17]} e6 {[%clk 01:30:29]}
{[%emt 00:00:39]} 3. d4 {[%clk 01:31:14]} {[%emt 00:00:09]} cxd4 {[%clk
01:30:49]} {[%emt 00:00:11]} 4. Nxd4 {[%clk 01:31:35]} {[%emt 00:00:08]} Nc6
{[%clk 01:31:03]} {[%emt 00:00:16]} 5. Nc3 {[%clk 01:30:09]} {[%emt 00:01:56]}
Qc7 {[%clk 01:31:07]} {[%emt 00:00:25]} 6. g3 {[%clk 01:29:33]} {[%emt
00:01:07]} a6 {[%clk 01:23:04]} {[%emt 00:08:32]} 7. Bg2 {[%clk 01:29:54]}
{[%emt 00:00:09]} Nf6 {[%clk 01:16:29]} {[%emt 00:07:05]} 8. O-O {[%clk
01:30:01]} {[%emt 00:00:23]} Nxd4 {[%clk 01:15:10]} {[%emt 00:01:50]} 9. Qxd4
{[%clk 01:30:24]} {[%emt 00:00:07]} Bc5 {[%clk 01:15:20]} {[%emt 00:00:19]} 10.
Bf4 {[%clk 01:29:58]} {[%emt 00:00:57]} d6 {[%clk 01:14:45]} {[%emt 00:01:04]}
11. Qd3 {[%clk 01:28:12]} {[%emt 00:02:17]} h6 {[%clk 01:08:23]} {[%emt
00:06:52]} 12. Rad1 {[%clk 00:57:38]} {[%emt 00:31:04]} e5 {[%clk 01:03:47]}
{[%emt 00:05:06]} 13. Bc1 {[%clk 00:57:14]} {[%emt 00:00:55]} Be6 {[%clk
00:58:34]} {[%emt 00:05:41]} 14. Kh1 {[%clk 00:47:58]} {[%emt 00:09:47]} Rc8
{[%clk 00:49:27]} {[%emt 00:09:37]} 15. Nd5 {[%clk 00:44:22]} {[%emt 00:04:06]}
Nxd5 {[%clk 00:47:52]} {[%emt 00:02:05]} 16. exd5 {[%clk 00:44:46]} {[%emt
00:00:06]} Bg4 {[%clk 00:47:14]} {[%emt 00:01:07]} 17. Rde1 {[%clk 00:41:26]}
{[%emt 00:03:52]} O-O {[%clk 00:43:15]} {[%emt 00:04:28]} 18. h3 {[%clk
00:40:47]} {[%emt 00:01:10]} Bd7 {[%clk 00:42:46]} {[%emt 00:00:58]} 19. f4
{[%clk 00:40:01]} {[%emt 00:01:16]} f5 {[%clk 00:31:58]} {[%emt 00:11:18]} 20.
fxe5 {[%clk 00:37:10]} {[%emt 00:03:21]} dxe5 {[%clk 00:31:16]} {[%emt
00:01:12]} 21. g4 {[%clk 00:34:56]} {[%emt 00:02:44]} f4 {[%clk 00:26:44]}
{[%emt 00:05:02]} 22. c4 {[%clk 00:30:08]} {[%emt 00:05:18]} Bd6 {[%clk
00:17:29]} {[%emt 00:09:45]} 23. b3 {[%clk 00:29:48]} {[%emt 00:00:50]} b5
{[%clk 00:17:24]} {[%emt 00:00:35]} 24. Bb2 {[%clk 00:22:53]} {[%emt 00:07:26]}
bxc4 {[%clk 00:15:34]} {[%emt 00:02:20]} 25. bxc4 {[%clk 00:21:12]} {[%emt
00:02:09]} Qxc4 {[%clk 00:14:03]} {[%emt 00:02:01]} 26. Qxc4 {[%clk 00:20:55]}
{[%emt 00:00:48]} Rxc4 {[%clk 00:14:32]} {[%emt 00:00:01]} 27. Bxe5 {[%clk
00:21:16]} {[%emt 00:00:09]} Bxe5 {[%clk 00:12:24]} {[%emt 00:02:38]} 28. Rxe5
{[%clk 00:21:44]} {[%emt 00:00:02]} Rd4 {[%clk 00:09:10]} {[%emt 00:03:44]} 29.
g5 {[%clk 00:20:52]} {[%emt 00:01:22]} Rf5 {[%clk 00:07:35]} {[%emt 00:02:05]}
30. Re7 {[%clk 00:19:50]} {[%emt 00:01:32]} Bb5 {[%clk 00:07:16]} {[%emt
00:00:49]} 31. Rg1 {[%clk 00:09:40]} {[%emt 00:10:41]} Rxg5 {[%clk 00:07:05]}
{[%emt 00:00:40]} 32. Rc1 {[%clk 00:09:16]} {[%emt 00:00:54]} Bc4 {[%clk
00:03:28]} {[%emt 00:04:08]} 33. d6 {[%clk 00:07:41]} {[%emt 00:02:05]} Rxd6
{[%clk 00:03:38]} {[%emt 00:00:19]} 34. Be4 {[%clk 00:06:34]} {[%emt 00:01:38]}
Re6 {[%clk 00:03:07]} {[%emt 00:01:01]} 35. Rxe6 {[%clk 00:05:36]} {[%emt
00:01:27]} Bxe6 {[%clk 00:03:30]} {[%emt 00:00:07]} 36. Rc6 {[%clk 00:06:03]}
{[%emt 00:00:03]} Bxh3 {[%clk 00:02:06]} {[%emt 00:01:54]} 37. Rxa6 {[%clk
00:06:25]} {[%emt 00:00:08]} Kf7 {[%clk 00:01:34]} {[%emt 00:01:03]} 38. Ra3
{[%clk 00:05:29]} {[%emt 00:01:25]} Be6 {[%clk 00:01:15]} {[%emt 00:00:48]} 39.
Rf3 {[%clk 00:05:48]} {[%emt 00:00:12]} Kf6 {[%clk 00:00:38]} {[%emt 00:01:07]}
40. Rxf4+ {[%clk 00:05:26]} {[%emt 00:00:53]} Ke5 {[%clk 00:01:02]} {[%emt
00:00:06]} 41. Rh4 {[%clk 00:05:43]} {[%emt 00:00:12]} Bxa2 {[%clk 00:01:16]}
{[%emt 00:00:16]} 42. Kh2 {[%clk 00:05:34]} {[%emt 00:00:39]} Bd5 {[%clk
00:00:52]} {[%emt 00:00:53]} 43. Bh7 {[%clk 00:05:39]} {[%emt 00:00:27]} h5
{[%clk 00:23:12]} {[%emt 00:08:10]} 44. Ra4 {[%clk 00:34:49]} {[%emt 00:01:19]}
g6 {[%clk 00:21:40]} {[%emt 00:02:02]} 45. Kh3 {[%clk 00:34:50]} {[%emt
00:00:30]} Kf6 {[%clk 00:19:19]} {[%emt 00:02:50]} 46. Kh4 {[%clk 00:34:55]}
{[%emt 00:00:26]} Rg1 {[%clk 00:19:10]} {[%emt 00:00:37]} 47. Ra6+ {[%clk
00:33:15]} {[%emt 00:02:10]} Kg7 {[%clk 00:19:20]} {[%emt 00:00:21]} 48. Bxg6
{[%clk 00:33:30]} {[%emt 00:00:15]} Rxg6 {[%clk 00:19:38]} {[%emt 00:00:12]} 49.
Ra5 {[%clk 00:33:57]} {[%emt 00:00:04]} Bf3 {[%clk 00:19:26]} {[%emt 00:00:41]}
0-1